| 000 | 00998nas a2200349 4500 | ||
|---|---|---|---|
| 001 | BR0905055 | ||
| 003 | BR-BrBNA | ||
| 005 | 20231205113608.0 | ||
| 007 | ta | ||
| 008 | 230509b bl.|||p| |||| 00| 00por d | ||
| 040 |
_aBR-BrBNA _bpor _cBiblioteca Nacional de Agricultura |
||
| 041 | _a(En) | ||
| 072 | _aL74; L70 | ||
| 100 | 1 | _aCápua, M.L.B. de | |
| 100 | 1 | _aColeta, F.E.D. | |
| 100 | 1 | _aMiotto, M.R. | |
| 100 | 1 | _aCalazans, S.G. | |
| 100 | 1 | _aGodoy, A.V. | |
| 100 | 1 | _aNakage, A.P.M. | |
| 100 | 1 | _aLisbão, C.B.S. | |
| 100 | 1 | _aDaleck, C.R. | |
| 100 | 1 | _aSantana, A.E. | |
| 245 | 1 | _aAutologous bone marrow transplantation in adog with lymphoma: a clinical study | |
| 650 | _aCÃO | ||
| 650 | _aDISTÚRBIO FISIOLÓGICO | ||
| 650 | _aVETERINÁRIA | ||
| 650 | _aLINFOMA | ||
| 650 | _aTRANSPLANTE | ||
| 773 | 0 |
_tCiência Rural (Brazil) _xISSN 0103-8478 _g(Mar-Apr 2009), v. 39(2) p.580-584 _wBR0905055 |
|
| 909 |
_a202311 _bLúcia _c55 _dLúcia Elande |
||
| 942 |
_2AGRIS _n0 _cANA |
||
| 999 |
_c204620 _d204620 |
||